| 000 | 00654nam a2200181 a 4500 | ||
|---|---|---|---|
| 003 | 0 | ||
| 005 | 20250509152040.0 | ||
| 008 | 970101s19uu xx 00 eng d | ||
| 050 |
_aPHS TP 991 _b.R63 2004 |
||
| 100 | _aRodriguez, Ranielle Marie. | ||
| 245 |
_aA Comparative study on the bleaching ability of local and imported detergents / _cRanielle Marie Rodriguez. |
||
| 260 |
_aLas PiƱas City, Philippines : _bSouthville International School and Colleges, _c2004. |
||
| 300 |
_a14 pages ; _c28 cm. |
||
| 650 |
_aDetergents _xBleaching properties. |
||
| 650 |
_aDetergents _zPhilippines. |
||
| 650 |
_aBleaching agents _xComparison. |
||
| 942 |
_2lcc _cPASS |
||
| 999 |
_c97150 _d97150 |
||